Working relationships : the simple truth about getting along with friends and foes at work /

The tangled Web of relationships in the workplace. Fixing the relationships that are not working. Making the good relationships even better.

Wedi'i Gadw mewn:
Manylion Llyfryddiaeth
Prif Awdur: Wall, Bob
Fformat: Llyfr
Iaith:English
Cyhoeddwyd: Palo Alto, Calif. : Davies-Black, 1999.
Pynciau:
Tagiau: Ychwanegu Tag
Dim Tagiau, Byddwch y cyntaf i dagio'r cofnod hwn!
Thư viện lưu trữ: Mạng thư viện Đại học Đà Nẵng
LEADER 01150cam a2200373 i 4500
001 000049290
003 9031
005 20051111143030.0
008 010324b1999 vm 000 eng
020 |a 0891061339 
040 |a IRC  |c IRC  |d IRC 
041 0 |a eng 
082 1 4 |a 650.13  |b WA-B 
100 1 |a Wall, Bob  |q (Bob Lee) 
245 0 0 |a Working relationships :  |b the simple truth about getting along with friends and foes at work /  |c Bob Wall. 
260 |a Palo Alto, Calif. :  |b Davies-Black,  |c 1999. 
300 |a 179 p. ;  |c 22.7cm. 
520 3 |a The tangled Web of relationships in the workplace. Fixing the relationships that are not working. Making the good relationships even better. 
630 0 4 |a Psychology. 
630 0 4 |a Office politics. 
650 0 4 |a Interpersonal communications. 
650 0 4 |a Office politics. 
650 0 4 |a Psychology, Industrial. 
650 0 4 |a Interpersonal relations. 
OWN |a DUT 
999 |a From the UDN01 
TYP |a Monograph 
TYP |a Printed language 
980 |a Mạng thư viện Đại học Đà Nẵng